[Event "Cto de Aragon por Equipos – Preferente Grupo I"]
[Site ""]
[Date "2022.03.12"]
[Round "7.47"]
[White "Antonano Fernandez - Quincoces, Avelino"]
[Black "Garcia Acin, Pablo"]
[Result "1-0"]
[WhiteElo "2024"]
[BlackElo "1757"]
[PlyCount "0"]
[WhiteTeam "MyInvestor Casablanca B"]
[BlackTeam "IberCaja B"]
[EventDate "2022.01.29"]

1. e4 c5 2. Nf3 d6 3. d4 Nf6 4. Nc3 cxd4 5. Nxd4 a6 6. g3 e5 7. Nb3 Be7 8. Bg2
O-O 9. O-O Be6 10. Re1 Nbd7 11. a4 b6 12. Nd2 Qc7 13. Nf1 Rac8 14. Ne3 Rfd8 15.
g4 h6 16. h4 Nf8 17. g5 hxg5 18. hxg5 N6h7 19. Ned5 Qb7 20. Be3 Bxg5 21. Bxb6
Rd7 22. a5 Nf6 23. Ra3 Ng6 24. Rb3 Qc6 25. Bf1 Ra8 26. Be3 Bxe3 27. Rxe3 Bxd5
28. Rb6 Qc8 29. Nxd5 Nxd5 30. exd5 Nf4 31. Bh3 Nxh3+ 32. Rxh3 g6 33. Rb4 Kg7
34. Qd2 Qg8 35. Qh6+ Kf6 36. Rbh4 Rdd8 37. Rf3+ Ke7 38. Qg5+ Kd7 39. Qf6 Rf8
40. Rb4 Ra7 41. Rb6 1-0

[Event "Cto de Aragon por Equipos – Preferente Grupo I"]
[Site ""]
[Date "2022.03.12"]
[Round "7.48"]
[White "Moreno Burillo, Marcos Antonio"]
[Black "Ayensa Garcia, Miguel Angel"]
[Result "1-0"]
[WhiteElo "1690"]
[BlackElo "1918"]
[PlyCount "0"]
[WhiteTeam "IberCaja B"]
[BlackTeam "MyInvestor Casablanca B"]
[EventDate "2022.01.29"]

1. d4 Nf6 2. c4 e6 3. Nc3 Bb4 4. Bg5 h6 5. Bd2 O-O 6. Nf3 b6 7. e3 Bb7 8. Bd3
d5 9. cxd5 exd5 10. O-O Re8 11. Rc1 Bxc3 12. Bxc3 Nbd7 13. Qc2 c5 14. Bb5 Re4
15. dxc5 bxc5 16. Bxf6 Nxf6 17. Qxc5 d4 18. Nxd4 Rc8 19. Qxa7 Rxc1 20. Rxc1 Qd5
21. Qb8+ Re8 22. Qg3 Rd8 23. Qf3 Ne4 24. Bc4 Qd7 25. Qxf7+ Kh8 26. Qxd7 Rxd7
27. Be6 Re7 28. Bc8 Bd5 29. Bf5 Nd6 30. Bb1 Re5 31. Nf3 Re7 32. Rd1 Rc7 33. Ne1
Rc5 34. f3 Nc4 35. Rc1 Rb5 36. Bd3 1-0

[Event "Cto de Aragon por Equipos – Preferente Grupo I"]
[Site ""]
[Date "2022.03.12"]
[Round "7.49"]
[White "Torres Montes, Juan"]
[Black "Barranco Castillo, Jose Antonio"]
[Result "0-1"]
[WhiteElo "1543"]
[BlackElo "1630"]
[PlyCount "0"]
[WhiteTeam "MyInvestor Casablanca B"]
[BlackTeam "IberCaja B"]
[EventDate "2022.01.29"]

1. c4 d6 2. Nc3 e5 3. e4 Nc6 4. Nf3 Nf6 5. d4 Bg4 6. d5 Nd4 7. Be3 Nxf3+ 8.
gxf3 Bh5 9. Be2 Qd7 10. Qd2 Qh3 11. Rg1 a6 12. O-O-O h6 13. f4 exf4 14. Bxf4 g5
15. Bg3 Bg7 16. e5 dxe5 17. Bxe5 Ne4 18. Nxe4 Bxe5 19. Bxh5 Bf4 20. d6 Bxd2+
21. Rxd2 Qxh2 22. Re1 O-O-O 23. d7+ Kb8 24. Nf6 Qf4 25. Nd5 Qxc4+ 26. Kb1 Rxd7
27. Bf3 Qc5 28. Rc1 Qd6 29. Bg4 Qg6+ 30. Ka1 f5 31. Bh5 Qxh5 32. Nf6 Rxd2 33.
Nxh5 Rxf2 34. Nf6 g4 35. a4 g3 36. Nh5 g2 0-1

[Event "Cto de Aragon por Equipos – Preferente Grupo I"]
[Site ""]
[Date "2022.03.19"]
[Round "8.33"]
[White "Garcia Morales, Roberto"]
[Black "Antonano Fernandez - Quincoces, Avelino"]
[Result "1/2-1/2"]
[WhiteElo "1980"]
[BlackElo "2024"]
[PlyCount "0"]
[WhiteTeam "Agrupacion B"]
[BlackTeam "MyInvestor Casablanca B"]
[EventDate "2022.01.29"]

1. e4 c5 2. b4 cxb4 3. d4 d5 4. exd5 Nf6 5. c4 bxc3 6. Nxc3 Nxd5 7. Bd2 e6 8.
Nf3 Be7 9. Bd3 Nc6 10. O-O h6 11. Ne4 O-O 12. Qc1 f5 13. Nc5 Bf6 14. Qc4 Nb6
15. Qb3 Qd5 16. Rae1 Nxd4 17. Nxd4 Bxd4 18. Nxe6 Qxb3 19. axb3 Bxe6 20. Rxe6
Rad8 21. Bb4 Rf7 22. Be2 Nd5 23. Bd6 Rf6 24. Rxf6 Nxf6 25. Bc4+ Kh7 26. Be7 Re8
27. Bxf6 Bxf6 28. Rd1 Re7 29. g3 g6 30. Kg2 Kg7 31. Rd6 Rc7 32. h4 a6 33. Rd2
b5 34. Be6 Bc3 35. Rd7+ Rxd7 36. Bxd7 Kf6 37. Bc8 a5 38. Bd7 a4 39. bxa4 b4 40.
Bb5 Ke5 41. a5 b3 42. a6 Bd4 43. f4+ Ke4 44. Ba4 b2 45. Bc2+ Ke3 46. h5 Kd2 47.
Bb1 Kc1 48. Bd3 Kd2 49. Bb1 Kc1 1/2-1/2

[Event "Cto de Aragon por Equipos – Preferente Grupo I"]
[Site ""]
[Date "2022.03.19"]
[Round "8.34"]
[White "Cebollada Pacheco, Jesus Raul"]
[Black "Carruez Berges, Santiago"]
[Result "1/2-1/2"]
[WhiteElo "1935"]
[BlackElo "1971"]
[PlyCount "0"]
[WhiteTeam "MyInvestor Casablanca B"]
[BlackTeam "Agrupacion B"]
[EventDate "2022.01.29"]

1. d4 Nf6 2. c4 e6 3. Nf3 d5 4. g3 dxc4 5. Bg2 Nbd7 6. O-O Be7 7. Na3 Nb6 8.
Nxc4 Nxc4 9. Qa4+ Bd7 10. Qxc4 Bc6 11. Bf4 O-O 12. Rfc1 Rc8 13. Ne5 Bxg2 14.
Kxg2 c5 15. dxc5 Rxc5 16. Qd3 Nd5 17. Rxc5 Bxc5 18. Rd1 f6 19. Nc4 b5 20. Ne3
Bxe3 21. Bxe3 Nxe3+ 22. fxe3 Qxd3 23. exd3 Rc8 24. Rd2 Kf7 25. Kf3 h5 26. h3
Rc1 27. d4 1/2-1/2

[Event "Cto de Aragon por Equipos – Preferente Grupo I"]
[Site ""]
[Date "2022.03.19"]
[Round "8.36"]
[White "Martinez Ramis, Rafael"]
[Black "Pedrol Aguila, Mario"]
[Result "0-1"]
[WhiteElo "1362"]
[BlackElo "1642"]
[PlyCount "0"]
[WhiteTeam "MyInvestor Casablanca B"]
[BlackTeam "Agrupacion B"]
[EventDate "2022.01.29"]

1. c4 b5 2. cxb5 a6 3. e3 axb5 4. Bxb5 c6 5. Be2 e5 6. a3 d5 7. d4 e4 8. f3 Bd6
9. f4 Nd7 10. Nh3 Nh6 11. Qc2 c5 12. dxc5 Nxc5 13. b4 Nd3+ 14. Bxd3 exd3 15.
Qc3 Bxh3 16. Qxg7 Qh4+ 17. g3 Qg4 18. Qxg4 Nxg4 19. Bd2 Bg2 20. Rg1 Be4 21. Bc3
O-O 22. Nd2 Nxe3 23. Ra2 Rxa3 24. Rxa3 Nc2+ 25. Kf2 Nxa3 26. Nxe4 dxe4 27. Ra1
Nc2 28. Rb1 e3+ 29. Kf3 Rc8 30. Rb3 Rxc3 31. Rxc3 e2 32. Rc8+ Kg7 33. Re8 e1=Q
34. Rxe1 Nxe1+ 35. Ke3 Bxb4 36. h4 h5 37. Kf2 d2 38. Ke2 Nd3 0-1

[Event "Cto de Aragon por Equipos – Preferente Grupo I"]
[Site ""]
[Date "2022.03.19"]
[Round "8.38"]
[White "Garcia Monterde, Francisco Jose"]
[Black "Alonso Blasco, Jose Miguel"]
[Result "1/2-1/2"]
[WhiteElo "1801"]
[BlackElo "1946"]
[PlyCount "0"]
[WhiteTeam "IberCaja B"]
[BlackTeam "Las Fuentes"]
[EventDate "2022.01.29"]

1.c4 Nf6 2.Nc3 e5 3.g3 Bb4 4.Bg2 O-O 5.e3 c6 
6.Nge2 d5 7.cxd5 cxd5 8.d4 e4
9.O-O Bg4 10.Qb3 Bxe2 
11.Nxe2 Qb6 12.Nf4 Rd8 13.a3 Ba5 14.Qxb6 Bxb6 

1/2-1/2

[Event "Cto de Aragon por Equipos – Preferente Grupo I"]
[Site ""]
[Date "2022.03.19"]
[Round "8.39"]
[White "Matamoros Villarreal, Antonio"]
[Black "Moreno Burillo, Marcos Antonio"]
[Result "1/2-1/2"]
[WhiteElo "1883"]
[BlackElo "1690"]
[PlyCount "0"]
[WhiteTeam "Las Fuentes"]
[BlackTeam "IberCaja B"]
[EventDate "2022.01.29"]


1.d4 d6 2.Bf4 Nf6 3.e3 g6 4.Nf3 Bg7 5.Be2 O-O 
6.O-O Nbd7 7.c4 c5 8.Nc3 b6 
9.Rc1 Bb7 10.h3 Re8 
11.d5 1/2-1/2

[Event "Cto de Aragon por Equipos – Preferente Grupo I"]
[Site ""]
[Date "2022.03.19"]
[Round "8.40"]
[White "Barranco Castillo, Jose Antonio"]
[Black "Manguez Cambra, Jose Luis"]
[Result "1/2-1/2"]
[WhiteElo "1630"]
[BlackElo "1734"]
[PlyCount "0"]
[WhiteTeam "IberCaja B"]
[BlackTeam "Las Fuentes"]
[EventDate "2022.01.29"]

1.c4 Nf6 2.g3 e6 3.Bg2 d5 4.Nf3 c6 5.O-O Be7 
6.d4 O-O 7.Qc2 Nbd7 8.Rd1 Re8
9.b3 Nf8 
10.Nc3 Ng6 11.e4 dxe4 12.Nxe4 Nxe4 13.Qxe4 Bf6 
14.Bb2 a5 15.Rac1 
1/2-1/2

[Event "Cto de Aragon por Equipos – Preferente Grupo I"]
[Site ""]
[Date "2022.03.19"]
[Round "8.41"]
[White "Sanjuan Segura, Ignacio"]
[Black "Dominguez Bujeda, Jesus"]
[Result "1-0"]
[WhiteElo "1681"]
[BlackElo "2083"]
[PlyCount "0"]
[WhiteTeam "Palacio De Pioneros D"]
[BlackTeam "Teruel"]
[EventDate "2022.01.29"]

1. d4 d5 2. Nf3 Nf6 3. c4 e6 4. g3 Be7 5. Bg2 O-O 6. O-O c6 7. Qc2 b6 8. Nbd2
Bb7 9. e4 Nbd7 10. e5 Ne8 11. cxd5 cxd5 12. Re1 Rc8 13. Qd1 Qc7 14. Nb1 b5 15.
Bf1 Qb6 16. Bd3 g6 17. Kg2 Ng7 18. Nc3 a6 19. g4 f6 20. Bh6 fxe5 21. dxe5 d4
22. Ne4 Rxf3 23. Qxf3 Nxe5 24. Qe2 Rf8 25. f4 Nc4 26. Kg1 Ne3 27. Nd2 Bb4 28.
h3 e5 29. fxe5 Rf7 30. Ne4 Bxe1 31. Rxe1 Ne6 32. Bxe3 dxe3 33. Nf6+ Rxf6 34.
exf6 Qc6 35. Qh2 Nf4 36. f7+ Kf8 37. Rxe3 Qc1+ 38. Kf2 Qd2+ 39. Be2 Qd4 40. Qg3
g5 41. Kf1 {Caida de bandera del negro} 1-0

[Event "Cto de Aragon por Equipos – Preferente Grupo I"]
[Site ""]
[Date "2022.03.19"]
[Round "8.42"]
[White "Martin Catalan, Juan Vicente"]
[Black "Insa Castillo, Jose Manuel"]
[Result "1-0"]
[WhiteElo "2002"]
[BlackElo "1612"]
[PlyCount "0"]
[WhiteTeam "Teruel"]
[BlackTeam "Palacio De Pioneros D"]
[EventDate "2022.01.29"]

1. d4 Nf6 2. Bf4 c5 3. e3 d5 4. Nf3 Nc6 5. c3 Bf5 6. dxc5 Nh5 7. Bg5 h6 8. Bh4
g5 9. Nd4 Bg6 10. Bb5 Rc8 11. Bg3 Nxg3 12. hxg3 e5 13. Nxc6 bxc6 14. Ba6 Rb8
15. b4 Bg7 16. Bd3 e4 17. Be2 Rxb4 18. cxb4 Bxa1 19. Nd2 Bg7 20. Qa4 Qc7 21.
O-O O-O 22. Nb3 Bf5 23. Rd1 Rd8 24. Qa6 Bc8 25. Qa4 f5 26. Nd4 Bd7 27. Qb3 f4
28. gxf4 gxf4 29. b5 Kh8 30. bxc6 f3 31. cxd7 fxe2 32. Nxe2 Qxd7 33. Nf4 d4 34.
Ne6 Rg8 35. c6 Qxc6 36. Nxg7 Rxg7 37. Rxd4 Qg6 38. Qb8+ Kh7 39. g3 Qe6 40. Rd8
Re7 41. Rh8+ Kg6 42. Qf4 Qh3 43. Rf8 Qe6 44. Rd8 Qxa2 45. Rd6+ Re6 46. Qxe4+
Kf7 47. Qh7+ Kf8 48. Rd8+ Re8 49. Qh8+ 1-0

[Event "Cto de Aragon por Equipos – Preferente Grupo I"]
[Site ""]
[Date "2022.03.19"]
[Round "8.43"]
[White "Campana Valencia, Lidia"]
[Black "Navarro Remon, Mario"]
[Result "1/2-1/2"]
[WhiteElo "1560"]
[BlackElo "1939"]
[PlyCount "0"]
[WhiteTeam "Palacio De Pioneros D"]
[BlackTeam "Teruel"]
[EventDate "2022.01.29"]

1. e4 c5 2. Nf3 Nc6 3. d4 cxd4 4. Nxd4 g6 5. c4 Bg7 6. Be3 Nf6 7. Nc3 O-O 8. h3
d6 9. Be2 Nxd4 10. Bxd4 Bd7 11. O-O Bc6 12. Qd3 a5 13. Rad1 a4 14. Qe3 Nd7 15.
Bxg7 Kxg7 16. Qd4+ Kg8 17. Nd5 Bxd5 18. exd5 Qa5 19. Rfe1 Rfe8 20. Bg4 Ne5 21.
f4 Nxg4 22. hxg4 Rac8 23. Re3 Qb4 24. b3 axb3 25. axb3 b5 26. Ra1 bxc4 27. Ra7
Qc5 28. Qxc5 Rxc5 29. bxc4 Rxc4 30. f5 gxf5 31. gxf5 Rf4 32. Rg3+ Kf8 33. Rg5
h6 34. Rh5 Kg7 35. Kh2 Rg4 36. Kh3 Rg5 37. Rxg5+ hxg5 38. Kg4 Kf6 39. Rb7 Rc8
40. Kf3 Rc5 41. Ke4 Rc4+ 42. Ke3 Rg4 43. Kf3 Rd4 44. g4 Rxd5 45. Rb8 Rd3+
1/2-1/2

[Event "Cto de Aragon por Equipos – Preferente Grupo I"]
[Site ""]
[Date "2022.03.19"]
[Round "8.46"]
[White "Anson Casaos, Alejandro"]
[Black "Garcia Garcia, Enrique"]
[Result "1/2-1/2"]
[WhiteElo "1799"]
[BlackElo "1788"]
[PlyCount "0"]
[WhiteTeam "Helios B"]
[BlackTeam "Dr. Azua"]
[EventDate "2022.01.29"]

1. f4 e5 2. fxe5 d6 3. exd6 Bxd6 4. Nf3 g5 5. g3 g4 6. Nh4 Ne7 7. d4 Ng6 8. Ng2
Bf5 9. Nc3 Nc6 10. e3 h5 11. Bb5 Bd7 12. Qe2 h4 13. Bd2 hxg3 14. O-O-O Rxh2 15.
Rxh2 gxh2 16. Bxc6 Bxc6 17. Qxg4 Qd7 18. Qxd7+ Bxd7 19. e4 Bg4 20. Rh1 Bf3 21.
e5 Bxe5 22. dxe5 Bxg2 23. Rxh2 Bc6 24. Bg5 Kd7 25. Bf6 Ke6 26. Rf2 Nxe5 27.
Bxe5 Kxe5 1/2-1/2

[Event "Cto de Aragon por Equipos – Preferente Grupo I"]
[Site ""]
[Date "2022.03.19"]
[Round "8.47"]
[White "Casas Castillero, Jose Antonio"]
[Black "Lacamara Pasamar, Miguel"]
[Result "0-1"]
[WhiteElo "1719"]
[BlackElo "1769"]
[PlyCount "0"]
[WhiteTeam "Dr. Azua"]
[BlackTeam "Helios B"]
[EventDate "2022.01.29"]

1. d4 Nf6 2. Nf3 c5 3. c4 cxd4 4. Nxd4 e5 5. Nb3 d6 6. Nc3 Be6 7. e4 Nbd7 8.
Bg5 Be7 9. Bd3 Rc8 10. Bxf6 Nxf6 11. Nd5 O-O 12. O-O Bxd5 13. cxd5 Qb6 14. Qe2
Nd7 15. Rac1 a5 16. Bb5 Nc5 17. Nxc5 Rxc5 18. Rxc5 Qxc5 19. Qc4 Qxc4 20. Bxc4
Rc8 21. Bd3 Bd8 22. Rb1 Bb6 23. Kf1 Bd4 24. Ke2 b5 25. f3 b4 26. b3 h5 27. Bc4
a4 28. Kd3 axb3 29. Rxb3 Bc5 30. Rb2 g5 31. g4 Kg7 32. Rg2 hxg4 33. fxg4 Rh8
34. Re2 Rh4 35. Rg2 Rh3+ 36. Rg3 Rxh2 37. Rf3 Rg2 38. Bb3 Rxg4 39. Bd1 Rg1 40.
Bb3 g4 41. Rf5 Kg6 42. Ke2 g3 43. Rf1 Rxf1 44. Kxf1 f5 45. Kg2 Bf2 46. Bc2 fxe4
47. Bxe4+ Kg5 48. Kf3 Kh4 49. Bf5 Be1 50. Kg2 Kg5 51. Bd3 Kf4 52. Be2 Ke3 0-1

[Event "Cto de Aragon por Equipos – Preferente Grupo I"]
[Site ""]
[Date "2022.03.19"]
[Round "8.48"]
[White "Gaspar Calvo, Luis Alberto"]
[Black "Planas Torrea, Francisco Javier"]
[Result "0-1"]
[WhiteElo "1835"]
[BlackElo "2076"]
[PlyCount "0"]
[WhiteTeam "Delicias B"]
[BlackTeam "Ejea"]
[EventDate "2022.01.29"]

1. c4 Nf6 2. Nc3 g6 3. g3 Bg7 4. Bg2 e5 5. d3 d6 6. Bg5 h6 7. Bd2 O-O 8. Qc1
Kh7 9. h4 c6 10. h5 g5 11. Nf3 Ng4 12. Ne4 f6 13. Qc2 Na6 14. d4 Bf5 15. Nh4
gxh4 16. f3 Bxe4 17. fxe4 exd4 18. e5+ f5 19. Rxh4 Ne3 20. Bxe3 dxe3 21. O-O-O
Bxe5 22. Bh3 Qg5 23. Rf1 Kh8 24. Bxf5 Rf7 25. Rhh1 Raf8 26. g4 Qxg4 27. Qd3
Rxf5 0-1

[Event "Cto de Aragon por Equipos – Preferente Grupo I"]
[Site ""]
[Date "2022.03.19"]
[Round "8.49"]
[White "Planas Torrea, Alberto"]
[Black "Garcia Lopez, Antonio"]
[Result "1-0"]
[WhiteElo "1905"]
[BlackElo "1714"]
[PlyCount "0"]
[WhiteTeam "Ejea"]
[BlackTeam "Delicias B"]
[EventDate "2022.01.29"]

1. e4 d6 2. d4 Nf6 3. Nc3 c6 4. a4 a5 5. h3 e6 6. Be3 Be7 7. Nge2 O-O 8. g4
Nbd7 9. Ng3 e5 10. g5 Ne8 11. h4 exd4 12. Bxd4 c5 13. Be3 Ne5 14. Be2 f5 15.
Qd5+ Kh8 16. exf5 Nc7 17. Qe4 Nc6 18. O-O-O Nb4 19. Bxc5 Re8 20. Qf4 d5 21. Bd4
Bd6 22. Qf3 Bd7 23. f6 Be5 24. fxg7+ Bxg7 25. Bxg7+ Kxg7 26. Nh5+ Kg6 27. Nf6
Rxe2 28. Qh5+ Kf5 29. Qxh7+ Ke5 30. Nxd7+ 1-0

[Event "Cto de Aragon por Equipos – Preferente Grupo I"]
[Site ""]
[Date "2022.03.19"]
[Round "8.50"]
[White "Jarabo Marin, Pablo"]
[Black "Merin Flores, Miguel Angel"]
[Result "0-1"]
[WhiteElo "1309"]
[BlackElo "1710"]
[PlyCount "0"]
[WhiteTeam "Delicias B"]
[BlackTeam "Ejea"]
[EventDate "2022.01.29"]

1. e4 e6 2. d4 d5 3. e5 c5 4. c3 Nc6 5. Nf3 Qb6 6. Bd3 f6 7. Qc2 cxd4 8. exf6
Nxf6 9. cxd4 Bd6 10. Be3 Nb4 11. Qb3 Nxd3+ 12. Qxd3 Qxb2 13. Qc3 Bb4 14. Bd2
Bxc3 15. Bxc3 Qc1+ 16. Ke2 Qxh1 17. Na3 Qxg2 18. Rg1 Qxg1 19. Nxg1 O-O 20. Nf3
Bd7 21. Ne5 Be8 22. Bb4 Bh5+ 23. f3 Rfc8 24. Kf2 a6 25. Nb1 Bg6 26. Nc3 a5 27.
Bc5 b5 28. Nxb5 Be8 29. Nd6 Rcb8 30. Ke2 Bg6 31. Ke1 Ne8 32. Nxe8 Bxe8 33. Nd3
Rb5 34. a4 Rb3 35. Ke2 Rab8 36. Bd6 Rxd3 37. Kxd3 Rb3+ 38. Ke2 Bxa4 39. f4 Bb5+
40. Kd2 Bc4 41. Kc2 a4 42. h4 a3 43. Bxa3 Rxa3 44. Kb2 Rf3 45. Kc2 Kf7 46. Kd2
Kf6 47. Ke1 Kf5 48. h5 Ke4 49. f5 exf5 50. h6 gxh6 51. Kd2 Kxd4 52. Kc2 Rf2+
53. Kd1 Ke3 54. Kc1 Kd3 55. Kb1 Kc3 56. Ka1 Kb3 57. Kb1 Rf1# 0-1

[Event "Cto de Aragon por Equipos – Preferente Grupo I"]
[Site ""]
[Date "2022.03.19"]
[Round "8.51"]
[White "Galvez Longas, Isaac"]
[Black "Martinez Blanco, Ruben"]
[Result "1/2-1/2"]
[WhiteElo "1702"]
[BlackElo "1051"]
[PlyCount "0"]
[WhiteTeam "Ejea"]
[BlackTeam "Delicias B"]
[EventDate "2022.01.29"]

1. d4 Nf6 2. Bf4 g6 3. e3 Bg7 4. Nf3 d6 5. h3 O-O 6. Be2 b6 7. c4 Bb7 8. Nc3
Nbd7 9. O-O Qe8 10. Bh2 e5 11. Re1 a6 12. a4 Qe7 13. Qb3 Rfe8 14. dxe5 dxe5 15.
a5 Rab8 16. axb6 Bxf3 17. Bxf3 Rxb6 18. Qc2 e4 19. Be2 Nc5 20. Ra2 Reb8 21. Rb1
R8b7 22. Bf4 Nfd7 23. Nd5 Qd8 24. Nxb6 Rxb6 25. b4 Qb8 26. Bxc7 Qxc7 27. bxc5
Nxc5 28. Rd1 Be5 29. f4 Bf6 30. Qd2 Rb3 31. Qd6 Qxd6 32. Rxd6 Be7 33. Rc6 Rxe3
34. Kf2 Rb3 35. g3 h5 36. Ra5 Ne6 37. Rd5 a5 38. Rb5 Rc3 39. Rxe6 fxe6 40. Rxa5
1/2-1/2

[Event "Cto de Aragon por Equipos – Preferente Grupo I"]
[Site ""]
[Date "2022.03.26"]
[Round "9.33"]
[White "Planas Torrea, Francisco Javier"]
[Black "Carruez Berges, Fernando"]
[Result "1/2-1/2"]
[WhiteElo "2076"]
[BlackElo "2012"]
[PlyCount "0"]
[WhiteTeam "Ejea"]
[BlackTeam "Agrupacion B"]
[EventDate "2022.01.29"]

1. e4 e6 2. d4 d5 3. exd5 exd5 4. Bd3 Bd6 5. Qf3 Nf6 6. h3 Ne4 7. Ne2 f5 8. Bf4
O-O 9. c3 c5 10. Bxd6 Qxd6 11. O-O c4 12. Bc2 g6 13. Qf4 Qe7 14. h4 Nc6 15. Na3
a6 16. Rfe1 Qf7 17. Ng3 Bd7 18. Re3 Rae8 19. Rae1 Nxg3 20. fxg3 Rxe3 21. Rxe3
Re8 22. Bd1 Rxe3 23. Qxe3 Qe6 24. Nc2 Qxe3+ 25. Nxe3 Be6 26. b3 b5 27. bxc4
bxc4 28. Kf2 Kf7 29. Bf3 Ne7 30. Nc2 a5 31. Ke3 Bd7 32. Kf4 Kf6 33. Ne3 Be6 34.
g4 fxg4 35. Bxg4 h6 36. Bxe6 Kxe6 37. Ng4 Nf5 38. g3 g5+ 39. hxg5 hxg5+ 40. Kf3
Nd6 41. Nf2 Nb5 42. Nd1 Kf5 43. a4 Nd6 44. Ne3+ Ke6 45. g4 Ne4 46. Nxc4 Nxc3
47. Nxa5 Nxa4 48. Nb3 Nc3 49. Nc5+ Kd6 50. Nd3 Ne4 51. Ne5 Kc7 52. Ke3 Kd6 53.
Kd3 Kc7 54. Kc2 Kb6 55. Kb3 Nf6 56. Kb4 Ne4 57. Nf7 Nf6 58. Nh6 Ne4 59. Nf5 Nf6
60. Ne7 Nxg4 61. Nxd5+ Kc6 62. Ne7+ Kd6 63. Nf5+ Kd5 64. Kc3 Nf6 65. Kd3 g4 66.
Ne3+ Kd6 67. Nxg4 1/2-1/2

[Event "Cto de Aragon por Equipos – Preferente Grupo I"]
[Site ""]
[Date "2022.03.26"]
[Round "9.34"]
[White "Garcia Morales, Roberto"]
[Black "Planas Torrea, Alberto"]
[Result "1/2-1/2"]
[WhiteElo "1980"]
[BlackElo "1905"]
[PlyCount "0"]
[WhiteTeam "Agrupacion B"]
[BlackTeam "Ejea"]
[EventDate "2022.01.29"]

1. e4 e5 2. Nf3 Nc6 3. Bb5 Nge7 4. d3 d6 5. Bg5
Bd7 6. c3 h6 7. Bh4 g5 8. Bg3 Ng6 9. h4 g4 10. h5 gxf3 11. hxg6 fxg6 12. Qxf3
Bg7 13. Bh4 g5 14. Qh5+ Kf8 15. Bg3 Qf6 16. Nd2 Ke7 17. O-O-O Raf8 18. Rdf1 Be8
19. Qd1 a6 20. Bc4 b5 21. Bd5 Nd8 22. f4 exf4 23. Rxf4 Qg6 24. Rf5 Rxf5 25.
exf5 Qxf5 26. Qe2+ Kd7 27. Bf3 h5 28. Re1 Qe6 29. Qf2 Qxa2 30. Bxd6 Kxd6 31.
Ne4+ Kd7 32. Bg4+ hxg4 33. Qf5+ Kc6 34. Qc5+ Kb7 35. Nd6+ Kb8 36. Nxe8 Qf7 37.
Nxg7 Qf4+ 38. Kb1 Qd2 39. Qe3 Qxe3 40. Rxe3 Rg8 41. Ne8 Rf8 1/2-1/2

[Event "Cto de Aragon por Equipos – Preferente Grupo I"]
[Site ""]
[Date "2022.03.26"]
[Round "9.35"]
[White "Merin Flores, Miguel Angel"]
[Black "Carruez Berges, Santiago"]
[Result "0-1"]
[WhiteElo "1710"]
[BlackElo "1971"]
[PlyCount "0"]
[WhiteTeam "Ejea"]
[BlackTeam "Agrupacion B"]
[EventDate "2022.01.29"]

1. d4 Nf6 2. c4 e6 3. Nc3 Bb4 4. Nf3 O-O 5. Qc2 c5 6. e3 d5 7. Bd2 Nc6 8. Be2
cxd4 9. exd4 dxc4 10. O-O Nxd4 11. Nxd4 Qxd4 12. Rad1 Qh4 13. Be3 e5 14. Bf3
Bg4 15. g3 Qh5 16. Bxg4 Nxg4 17. h4 Nxe3 18. fxe3 Qg4 19. Kg2 Bxc3 20. Qxc3
Qe4+ 21. Rf3 Rad8 22. Rdf1 Rd3 23. Qc1 Rfd8 24. Kh3 f6 25. Qe1 Rd2 26. R1f2 Qc2
27. Qf1 b5 28. Qg2 Qxb2 29. Rf5 c3 30. h5 h6 31. Qf3 Rxf2 32. Qxf2 Qxf2 33.
Rxf2 Rd2 34. Rf1 Rxa2 0-1

[Event "Cto de Aragon por Equipos – Preferente Grupo I"]
[Site ""]
[Date "2022.03.26"]
[Round "9.36"]
[White "Carruez Gracia, Eduardo"]
[Black "Galvez Longas, Isaac"]
[Result "1/2-1/2"]
[WhiteElo "1934"]
[BlackElo "1702"]
[PlyCount "0"]
[WhiteTeam "Agrupacion B"]
[BlackTeam "Ejea"]
[EventDate "2022.01.29"]

1. e4 d5 2. exd5 Qxd5 3. Nc3 Qd6 4. b4 c6 5. Nf3 Nf6 6. a3 Bf5 7. Bc4 e6 8. O-O
Be7 9. h3 h6 10. Ne2 O-O 11. d3 Nd5 12. Nfd4 Bh7 13. Bb2 Bf6 14. Qd2 Nd7 15.
Ba2 a6 16. c4 Nc7 17. Rad1 c5 18. Nf3 Rfd8 19. d4 cxd4 20. Nexd4 Ne5 21. Nxe5
Bxe5 22. Qe2 Bxd4 23. Rxd4 Qe7 24. Rg4 Ne8 25. Qe5 f6 26. Qe3 Bf5 27. Rf4 Qd7
28. c5 Kh8 29. g4 Bg6 30. Bxe6 Qd2 31. Bd4 Qxe3 32. fxe3 Nc7 33. Bc4 Re8 34. h4
Ne6 35. R4f2 Rad8 36. Bc3 Bd3 1/2-1/2

[Event "Cto de Aragon por Equipos – Preferente Grupo I"]
[Site ""]
[Date "2022.03.26"]
[Round "9.37"]
[White "Carraminana Lopez, Luis Antonio"]
[Black "Molina Pastor, Francisco"]
[Result "1-0"]
[WhiteElo "1910"]
[BlackElo "1999"]
[PlyCount "0"]
[WhiteTeam "Helios B"]
[BlackTeam "Delicias B"]
[EventDate "2022.01.29"]

1. e4 g6 2. d4 Bg7 3. Nc3 d6 4. g3 Nf6 5. Bg2 O-O 6. Nge2 c5 7. O-O Nc6 8. d5
Nb4 9. Bf4 Rb8 10. a3 Na6 11. a4 Nc7 12. Qd3 a6 13. a5 b5 14. axb6 Rxb6 15. Ra2
Nd7 16. Qd2 Ne5 17. b3 Nb5 18. Bh6 Nxc3 19. Nxc3 c4 20. Bxg7 Kxg7 21. bxc4 Rb4
22. c5 dxc5 23. f4 Nc6 24. Ne2 Rc4 25. Qd3 1-0

[Event "Cto de Aragon por Equipos – Preferente Grupo I"]
[Site ""]
[Date "2022.03.26"]
[Round "9.38"]
[White "Dominguez Luzon, Fernando"]
[Black "Anson Casaos, Alejandro"]
[Result "1-0"]
[WhiteElo "1940"]
[BlackElo "1799"]
[PlyCount "0"]
[WhiteTeam "Delicias B"]
[BlackTeam "Helios B"]
[EventDate "2022.01.29"]

1. e4 c6 2. d4 d5 3. Nc3 dxe4 4. Nxe4 Nf6 5. Nxf6+ exf6 6. Nf3 Bd6 7. Be2 O-O
8. O-O Re8 9. c4 Nd7 10. c5 Bc7 11. b4 Nf8 12. Be3 Ng6 13. Qc2 Be6 14. Bc4 Ne7
15. Rfe1 Nd5 16. Bd2 Qd7 17. a4 Bg4 18. Qb3 Qf5 19. Nh4 Qh5 20. Bxd5 cxd5 21.
g3 Be6 22. Ng2 g5 23. b5 Qg4 24. f4 Red8 25. Qe3 h6 26. Qf2 Qf5 27. Re2 Kg7 28.
Rf1 Rf8 29. Qe3 Qg6 30. Ref2 Bh3 31. fxg5 fxg5 32. Qf3 Rad8 33. Re1 Be6 34. g4
Rh8 35. Ne3 Bf4 36. Ng2 Bxd2 37. Rxd2 h5 38. Ne3 hxg4 39. Nxg4 Bxg4 40. Qxg4
Rh4 41. Qg3 Rdh8 42. Re5 Qb1+ 43. Re1 Qg6 44. Rg2 R8h5 45. Rf2 1-0

[Event "Cto de Aragon por Equipos – Preferente Grupo I"]
[Site ""]
[Date "2022.03.26"]
[Round "9.39"]
[White "Lorente Melcon, Nicolas"]
[Black "Gaspar Calvo, Luis Alberto"]
[Result "0-1"]
[WhiteElo "1707"]
[BlackElo "1835"]
[PlyCount "0"]
[WhiteTeam "Helios B"]
[BlackTeam "Delicias B"]
[EventDate "2022.01.29"]

1. e4 c5 2. Nc3 Nc6 3. Bb5 g6 4. Bxc6 dxc6 5. f4 Bg7 6. Nf3 Nf6 7. d3 Qc7 8.
O-O b6 9. Qe1 Bb7 10. a3 O-O-O 11. Bd2 h6 12. b4 cxb4 13. axb4 a6 14. Ra2 g5
15. Qg3 g4 16. Nh4 h5 17. Be3 Nd5 18. Nxd5 cxd5 19. e5 d4 20. Bf2 e6 21. Rfa1
Bf8 22. Be1 Be7 23. Qf2 Qc6 24. Qf1 Qd5 25. Qe2 Rdg8 26. c4 dxc3 27. Rc1 Kb8
28. Rxc3 Bxh4 29. Bxh4 Qd4+ 30. Qf2 Qxc3 31. Qxb6 Qc1+ 32. Kf2 Qxf4+ 33. Kg1
Qc1+ 34. Kf2 Qc6 35. Qxc6 Bxc6 36. Rxa6 Kb7 37. Ra5 Ra8 0-1